00317nam a2200121Ia 4500008004100000041000800041082001600049100002100065245003700086260002800123300003300151365001100184240624s9999 xx 000 0 und d aeng a658.404 KHA aKHATUA SITANGSHU aPROJECT MANAGEMENT AND APPRAISAL c2015aNew DelhibOxford axviii, : 590 : p. : cm. ; 26 cRSb31